| 000 -LEADER |
| fixed length control field |
00573cam a2200193 a 4500 |
| 020 ## - INTERNATIONAL STANDARD BOOK NUMBER |
| ISBN |
0030325927 |
| 040 ## - CATALOGING SOURCE |
| Transcribing agency |
DLC |
| 082 00 - DEWEY DECIMAL CLASSIFICATION NUMBER |
| Classification number |
972 HOL 1990 C153 Or. |
| 100 1# - MAIN ENTRY--AUTHOR NAME |
| Personal name |
Kintz, Ellen R. |
| 245 10 - TITLE STATEMENT |
| Title |
Life under the tropical canopy : |
| Remainder of title |
tradition and change among the Yucatec Maya / |
| 260 ## - PUBLICATION, DISTRIBUTION, ETC. (IMPRINT) |
| Place of publication |
Fort Worth : |
| Name of publisher |
Holt, Rinehart and Winston, |
| Year of publication |
c1990. |
| 300 ## - PHYSICAL DESCRIPTION |
| Number of Pages |
xix, 170 p. : |
| Other physical details |
ill., maps ; |
| Dimensions |
24 cm. |
| 490 1# - SERIES STATEMENT |
| Series statement |
Case studies in cultural anthropology. |
| 650 #0 - SUBJECT ADDED ENTRY--TOPICAL TERM |
| Topical Term |
Mayas |
| 650 #0 - SUBJECT ADDED ENTRY--TOPICAL TERM |
| Topical Term |
Mayas |
| 650 #0 - SUBJECT ADDED ENTRY--TOPICAL TERM |
| Topical Term |
Human ecology |
| 650 #0 - SUBJECT ADDED ENTRY--TOPICAL TERM |
| Topical Term |
Rain forest ecology |
| 942 ## - ADDED ENTRY ELEMENTS (KOHA) |
| Koha item type |
ADB |
| 952 ## - LOCATION AND ITEM INFORMATION (KOHA) |
| Withdrawn status [LOCAL, KOHA] |
0 |